00682nam a22002177a 450000500170000001000150001702000260003203500240005803700090008208200110009110000190010224500540012126000480017527000840022330000210030750000440032870000180037270000260039070000270041670000210044320240604150525.0 aENG-140578 c250.00a9789394899247 aEN-124089 EN-124090 aDBAD a005.01 aMahajan, Kriti aSoftware EngineeringcBy Kirti Mahajan... (et.al) aTamil NadubShanlax PublicationscMay, 2022 aShanlax Press, 66 T.P.K. Main Road, Vasantha NagarbMadurai, Tamil Nadue625003 a201p. c24cm(hb) aThis book is about software engineering aKirti Mahajan aVijaya Kumar Gudivada aPrathipati Ratna Kumar aChanda Rai Kumar